Città attraversate da grandi fiumi - Americhe - Statistics

Statistiche generali
  • Questo quiz è stato fatto 57 volte
  • Il punteggio medio è 11 su 17
Statistiche sulle risposte
Città Fiume % Corretto
Minneapolis (USA) Mississippi (3778 km)
100%
Saint Louis (USA) Mississippi (3778 km)
100%
New Orleans (USA) Mississippi (3778 km)
100%
Manaus (Brasile) Rio Negro (2250 km)
94%
Omaha (USA) Missouri (3726 km)
89%
Kansas City (USA) Missouri (3726 km)
89%
New York (USA) Hudson (507 km)
80%
Montevideo (Uruguay) Rio de la Plata (290 km)
69%
Buenos Aires (Argentina) Rio de la Plata (290 km)
69%
Rosario (Argentina) Paranà (4880 km)
57%
Washington (USA) Potomac (652 km)
57%
Albuquerque (USA) Rio Grande (3051 km)
57%
Montreal (Canada) San Lorenzo (1140 km)
54%
Asuncion (Paraguay) Paraguay (2625 km)
40%
Tulsa (USA) Arkansas (2364 km)
31%
Pittsburgh (USA) Ohio (1579 km)
29%
Portland (USA) Columbia (1954 km)
14%
Nessun quiz corrispondente trovato
Distribuzione punteggi
Percentuale di utenti per punteggio
Percentile per numero di risposta
I tuoi punteggi nel tempo
Non hai fatto questo quiz